Thud!: Wile E. Coyote : (Record no. 2925)

MARC details
000 -LEADER
fixed length control field 01249nam a22003377a 4500
001 - CONTROL NUMBER
control field 2925
003 - CONTROL NUMBER IDENTIFIER
control field FISKH
005 - DATE AND TIME OF LATEST TRANSACTION
control field 20240124102855.0
008 - FIXED-LENGTH DATA ELEMENTS--GENERAL INFORMATION
fixed length control field 240123b cb ||||| |||| 00| 0 eng d
020 ## - INTERNATIONAL STANDARD BOOK NUMBER
International Standard Book Number 9781491410660
040 ## - CATALOGING SOURCE
Original cataloging agency FISKH
Language of cataloging eng
Transcribing agency FISKH
Modifying agency FISKH
050 ## - LIBRARY OF CONGRESS CALL NUMBER
Classification number QC137.W43
082 ## - DEWEY DECIMAL CLASSIFICATION NUMBER
Classification number 531.112
100 ## - MAIN ENTRY--PERSONAL NAME
Personal name Weakland, Mark
245 ## - TITLE STATEMENT
Title Thud!: Wile E. Coyote :
Remainder of title Experiments with Forces and Motion/
Statement of responsibility, etc. by Weakland, Mark : illustrated by Cornia, Christian
250 ## - EDITION STATEMENT
Edition statement Published in 2014
260 ## - PUBLICATION, DISTRIBUTION, ETC.
Place of publication, distribution, etc. North Mankato :
Name of publisher, distributor, etc. Capstone Press ,
Date of publication, distribution, etc. 2014
300 ## - PHYSICAL DESCRIPTION
Extent 32 pages :
Other physical details color illustrations ;
Dimensions 24 cm .
490 ## - SERIES STATEMENT
Series statement Wile E. Coyote, Physical Science Genius
505 ## - FORMATTED CONTENTS NOTE
Formatted contents note M <br/>
520 ## - SUMMARY, ETC.
Summary, etc. "Uses popular cartoon character Wile E. Coyote to demonstrate science concepts involved with forces and motion"--Provided by publisher."--
521 8# - TARGET AUDIENCE NOTE
Target audience note 550 <br/>
Source Lexile <br/>
521 8# - TARGET AUDIENCE NOTE
Target audience note M <br/>
Source Raz-Plus <br/>
600 ## - SUBJECT ADDED ENTRY--PERSONAL NAME
Source of heading or term kinematics
Form subdivision Juvenile Literature
610 ## - SUBJECT ADDED ENTRY--CORPORATE NAME
Source of heading or term kinematics-Expirements
Form subdivision Juvenile Literature
630 ## - SUBJECT ADDED ENTRY--UNIFORM TITLE
Form subdivision Juvenile Literature
Geographic subdivision Force and energy
648 ## - SUBJECT ADDED ENTRY--CHRONOLOGICAL TERM
Source of heading or term Science projects
Form subdivision Juvenile Literature
650 ## - SUBJECT ADDED ENTRY--TOPICAL TERM
Source of heading or term Wile E.Coyote
Form subdivision Juvenile Literature
700 ## - ADDED ENTRY--PERSONAL NAME
Personal name Cornia, Christian
Relator term illustrator
942 ## - ADDED ENTRY ELEMENTS (KOHA)
Source of classification or shelving scheme Dewey Decimal Classification
Koha item type Books
Suppress in OPAC No
Holdings
Withdrawn status Lost status Source of classification or shelving scheme Damaged status Not for loan Collection Home library Current library Shelving location Date acquired Total Checkouts Full call number Barcode Date last seen Date last checked out Price effective from Koha item type
    Dewey Decimal Classification     Non-Fiction Footprints International School Library Network Toul Kork Campus Footprints International School Library Network Toul Kork Campus   01/23/2024 1 WEA 531.112 QC137.W43 2024-0049 04/24/2025 02/05/2024 01/23/2024 Books